Temporal Cognition: Its Development, Neurocognitive Basis, Relationships to Other Cognitive Domains, and Uniquely Human Aspects (Record no. 24218)
[ view plain ]
| 000 -LEADER | |
|---|---|
| fixed length control field | 00787nam a2200133Ia 4500 |
| 008 - FIXED-LENGTH DATA ELEMENTS--GENERAL INFORMATION | |
| fixed length control field | 220620s9999||||xx |||||||||||||| ||und|| |
| 020 ## - INTERNATIONAL STANDARD BOOK NUMBER | |
| International Standard Book Number | 9782890000000 |
| 245 #0 - TITLE STATEMENT | |
| Title | Temporal Cognition: Its Development, Neurocognitive Basis, Relationships to Other Cognitive Domains, and Uniquely Human Aspects |
| 546 ## - LANGUAGE NOTE | |
| Language note | English[eng] |
| 650 ## - SUBJECT ADDED ENTRY--TOPICAL TERM | |
| Topical term or geographic name entry element | temporal cognition||Temporal Perception||temporal reasoning||mental time travel||Spatial-temporal relations||prospection||Time estimation||episodic memory||Motor Timing||Autism Spectrum Disorder |
| 700 ## - ADDED ENTRY--PERSONAL NAME | |
| Personal name | Brooks, Â Patricia J.||DeNigris, Danielle||McDonough, Laraine |
| 856 ## - ELECTRONIC LOCATION AND ACCESS | |
| Uniform Resource Identifier | <a href="https://www.frontiersin.org/research-topics/6943/temporal-cognition-its-development-neurocognitive-basis-relationships-to-other-cognitive-domains-and">https://www.frontiersin.org/research-topics/6943/temporal-cognition-its-development-neurocognitive-basis-relationships-to-other-cognitive-domains-and</a> |
| 942 ## - ADDED ENTRY ELEMENTS (KOHA) | |
| Koha item type | E-Books |
| Withdrawn status | Lost status | Damaged status | Not for loan | Home library | Current library | Date acquired | Total Checkouts | Date last seen | Price effective from | Koha item type |
|---|---|---|---|---|---|---|---|---|---|---|
| Kerala University of Digital Sciences, Innovation and Technology Knowledge Centre | Kerala University of Digital Sciences, Innovation and Technology Knowledge Centre | 20/06/2022 | 20/06/2022 | 20/06/2022 | E-Books |